• 首页
  • 本馆介绍
  • 公告通知
  • 最新文献
  • 馆藏检索
  • 电子资源
  • 读者导购
  • 参考咨询
  • 我的图书馆
  • 登录
  • 详细信息显示
  • 放入我的书架
  • 预约/预借图书
  • 作者相关作品
  • 分类相关作品
  • 丛书相关作品
  • 出版社相关作品

书目信息

  • 表格格式
  • 工作单格式
  • 卡片格式
题名:
国外高等学校教师聘任及晋升制度
    
 
作者: 陶遵谦 主编
分册:  
出版信息: 上海   华东师范大学出版社  1984
页数: 236页
开本: 19cm
丛书名:
单 册:
中图分类: G645.15
科图分类:
主题词: 高等学校-教师-聘用--制度--外国 , 教师-高等学校-聘用--制度--外国 , 聘用-教师-高等学校--制度--外国
电子资源:
ISBN:
000 00741nam0 2200241 45
001 1571622301
005 20150128195413.25
010    @dCNY0.68
091    @aCN@b7135.117
100    @a19960607d1984 em y0chiy0121 ea
101 0  @achi
102    @aCN@b310000
105    @ay z 000yy
200 10 @a国外高等学校教师聘任及晋升制度@Aguo wai gao deng xue xiao jiao shi pin ren ji jin sheng zhi du@f陶遵谦主编
210    @a上海@c华东师范大学出版社@d1984
215    @a236页@d19cm
606    @a高等学校-教师-聘用@x制度@y外国
606    @a教师-高等学校-聘用@x制度@y外国
606    @a聘用-教师-高等学校@x制度@y外国
690    @aG645.15@v3
701  0 @a陶遵谦@Atao zun qian@4主编
801  0 @aCN@bTSSF@c20150128
905    @aZUCC@dG645.15@eJY1
    
    国外高等学校教师聘任及晋升制度/陶遵谦主编.-上海:华东师范大学出版社,1984
    236页;19cm
    
    
    ISBN :CNY0.68
    
●
相关链接 在E读中查询图书 在五车中查询图书 在当当中查询图书 在豆瓣中查询图书


正题名:国外高等学校教师聘任及晋升制度     索取号:G645.15/JY1         预约/预借

序号 登录号 条形码 馆藏地/架位号 状态 备注
1 7845675   278456751   学院路分馆/ [索取号:G645.15/JY1] 在馆    
唐山师范学院图书馆 欢迎您!
大连网信软件有限公司© 版权所有